000
00300nam a22001457a 4500
003
SGT
082
_a
370,MIS
100
_a
MISHRA,REENA
245
_a
EDUCATION & AND SOCIETY
250
_a
1ST
260
_a
DELHI
_b
INDIAN PUBLICATION
_c
2010
300
_a
352
650
_a
EDUCATION
942
_2
ddc
_c
BK
999
_c
8799
_d
8799